000 00304nam a22001337a 4500
008 170622b xxu||||| |||| 00| 0 eng d
020 _a38471001542728
041 _aeng
080 _a94
100 _a16
101 _aSHH
245 _aPOLITICS AND PERSONALITY 1760-1827
_cBARNES,M.J
942 _2udc
_cBK
999 _c18640
_d18640